Statistiques concernant Personnages de Star Wars : The Clone Wars

Cliquez ici pour prendre le quiz!

Statistiques générales

  • Ce quiz a été pris 246 fois
  • Le résultat moyen est 5 sur 15

Statistiques - réponses

IndiceRéponse% Correct
CloneRex
88%
SithAsajj Ventress
59%
Chasseur de primesCad Bane
58%
CloneFive
54%
JediAhsoka Tano
53%
MandalorienneBo Katan
50%
SithSavage Opress
40%
MandalorienneSatine
35%
HuttZiro
34%
Chasseur de primesAura Sing
17%
MandalorienPre Vizsla
16%
Chasseur de primesEmbo
13%
SéparatisteLux Bonteri
6%
AntagonisteTalzin
4%
JediTera Sinube
2%

Distribution des résultats

Percentile par nombre de réponses

% des personnes avec chaque résultat

Votre développement - résultats

Vous n’avez pas pris ce quiz